000 00445nam a22001817a 4500
003 MPLRDC
005 20220104114405.0
008 210129b ||||| |||| 00| 0 eng d
082 _a830.8 SBSX v.280
100 _a韩韩
245 _a有女怀乡
_c
250 _a三版
260 _a
_b时报文化出版事业有限
_c1981
300 _b
490 _a时报书系. 280
650 _a中国文学总集
942 _cBK
_o830.8 SBSX v.280
999 _c7109
_d7099